Analýza podnikateľských modelov vybraných podnikov

Podnikateľský model CANVAS. Podnikateľské modely vybraných spoločností: talianskej spoločnosti Diesel a americkej spoločnosti Tiffany & Co. Zásadné rozdiely podľa Canvasu - v oblasti distribučných kanálov a segmente zákazníkov.

Saved in:
Bibliographic Details
Main Author: Procházková, Katarína, 1983-
Format: Book Chapter
Language:Slovak
Subjects:
Tags: Add Tag
No Tags, Be the first to tag this record!

MARC

LEADER 00000nla a2200000 4500
001 0208621
005 20240502073452.1
041 0 |a slo 
044 |a SK 
245 1 0 |a Analýza podnikateľských modelov vybraných podnikov  |c Katarína Procházková 
520 |a Podnikateľský model CANVAS. Podnikateľské modely vybraných spoločností: talianskej spoločnosti Diesel a americkej spoločnosti Tiffany & Co. Zásadné rozdiely podľa Canvasu - v oblasti distribučných kanálov a segmente zákazníkov. 
610 2 0 |a podnikanie 
610 2 0 |a modely podnikateľské 
610 2 0 |a podnik 
610 2 0 |a analýzy 
100 1 |a Procházková, Katarína, 1983-